A precíziós növénytermesztés elméleti alapjai
Elmentve itt :
| Szerző: | |
|---|---|
| Dokumentumtípus: | Vegyes gyűjtemény |
| Megjelent: |
2021-03-14
|
| Kulcsszavak: | mezőgazdaság precíziós növénytermesztés |
| Tárgyszavak: | |
| Online Access: | http://eta.bibl.u-szeged.hu/5337 |
| LEADER | 12001noc a2201153 i 4500 | ||
|---|---|---|---|
| 001 | eta5337 | ||
| 005 | 20260305162105.0 | ||
| 008 | 210317s2021 hu o 000 hun d | ||
| 040 | |a SZTE Elektronikus Tananyag Archívum |b hun | ||
| 041 | |a hun | ||
| 100 | 1 | |a Sisák István | |
| 245 | 1 | 2 | |a A precíziós növénytermesztés elméleti alapjai |h [elektronikus dokumentum] / |c Sisák István |
| 246 | 1 | 0 | |a Theoretical background of the precision plant production |h [elektronikus dokumentum] |
| 260 | |c 2021-03-14 | ||
| 650 | 4 | |a Mezőgazdaság-tudományok | |
| 650 | 4 | |a Mezőgazdaság, erdészet, halászat | |
| 650 | 4 | |a Növénytermesztés és növényvédelem | |
| 650 | 4 | |a Mezőgazdasági növénytermesztés, talajbiológia és talajművelés, alkalmazott növénybiológia | |
| 695 | |a mezőgazdaság | ||
| 695 | |a precíziós | ||
| 695 | |a növénytermesztés | ||
| 856 | 4 | 0 | |u https://eta.bibl.u-szeged.hu/5337/1/EFOP343_AP6MGK_A%20prec%C3%ADzi%C3%B3s%20n%C3%B6v%C3%A9nytermeszt%C3%A9s%20elm%C3%A9leti%20alapjai%20_25_Sis%C3%A1k%20Istv%C3%A1n_2021m%C3%A1rc.mp4 |z Dokumentum-elérés |
| 856 | 4 | 0 | |u https://eta.bibl.u-szeged.hu/5337/1/EFOP343_AP6MGK_A%20prec%C3%ADzi%C3%B3s%20n%C3%B6v%C3%A9nytermeszt%C3%A9s%20elm%C3%A9leti%20alapjai%20_24_Sis%C3%A1k%20Istv%C3%A1n_2021m%C3%A1rc.mp4 |z Dokumentum-elérés |
| 856 | 4 | 0 | |u https://eta.bibl.u-szeged.hu/5337/2/EFOP343_AP6MGK_A%20prec%C3%ADzi%C3%B3s%20n%C3%B6v%C3%A9nytermeszt%C3%A9s%20elm%C3%A9leti%20alapjai%20_27_Sis%C3%A1k%20Istv%C3%A1n_2021m%C3%A1rc.pdf |z Dokumentum-elérés |
| 856 | 4 | 0 | |u https://eta.bibl.u-szeged.hu/5337/3/EFOP343_AP6MGK_A%20prec%C3%ADzi%C3%B3s%20n%C3%B6v%C3%A9nytermeszt%C3%A9s%20elm%C3%A9leti%20alapjai%20_26_Sis%C3%A1k%20Istv%C3%A1n_2021m%C3%A1rc.mp4 |z Dokumentum-elérés |
| 856 | 4 | 0 | |u https://eta.bibl.u-szeged.hu/5337/4/EFOP343_AP6MGK_A%20prec%C3%ADzi%C3%B3s%20n%C3%B6v%C3%A9nytermeszt%C3%A9s%20elm%C3%A9leti%20alapjai%20_29_Sis%C3%A1k%20Istv%C3%A1n_2021m%C3%A1rc.pdf |z Dokumentum-elérés |
| 856 | 4 | 0 | |u https://eta.bibl.u-szeged.hu/5337/5/EFOP343_AP6MGK_A%20prec%C3%ADzi%C3%B3s%20n%C3%B6v%C3%A9nytermeszt%C3%A9s%20elm%C3%A9leti%20alapjai%20_28_Sis%C3%A1k%20Istv%C3%A1n_2021m%C3%A1rc.pdf |z Dokumentum-elérés |
| 856 | 4 | 0 | |u https://eta.bibl.u-szeged.hu/5337/6/EFOP343_AP6MGK_A%20prec%C3%ADzi%C3%B3s%20n%C3%B6v%C3%A9nytermeszt%C3%A9s%20elm%C3%A9leti%20alapjai%20_30_Sis%C3%A1k%20Istv%C3%A1n_2021m%C3%A1rc.pdf |z Dokumentum-elérés |
| 856 | 4 | 0 | |u https://eta.bibl.u-szeged.hu/5337/7/EFOP343_AP6MGK_A%20prec%C3%ADzi%C3%B3s%20n%C3%B6v%C3%A9nytermeszt%C3%A9s%20elm%C3%A9leti%20alapjai%20_31_Sis%C3%A1k%20Istv%C3%A1n_2021m%C3%A1rc.pdf |z Dokumentum-elérés |
| 856 | 4 | 0 | |u https://eta.bibl.u-szeged.hu/5337/8/EFOP343_AP6MGK_A%20prec%C3%ADzi%C3%B3s%20n%C3%B6v%C3%A9nytermeszt%C3%A9s%20elm%C3%A9leti%20alapjai%20_32_Sis%C3%A1k%20Istv%C3%A1n_2021m%C3%A1rc.pdf |z Dokumentum-elérés |
| 856 | 4 | 0 | |u https://eta.bibl.u-szeged.hu/5337/9/EFOP343_AP6MGK_A%20prec%C3%ADzi%C3%B3s%20n%C3%B6v%C3%A9nytermeszt%C3%A9s%20elm%C3%A9leti%20alapjai%20_01_Sis%C3%A1k%20Istv%C3%A1n_2021m%C3%A1rc.mp4 |z Dokumentum-elérés |
| 856 | 4 | 0 | |u https://eta.bibl.u-szeged.hu/5337/10/EFOP343_AP6MGK_A%20prec%C3%ADzi%C3%B3s%20n%C3%B6v%C3%A9nytermeszt%C3%A9s%20elm%C3%A9leti%20alapjai%20_02_Sis%C3%A1k%20Istv%C3%A1n_2021m%C3%A1rc.mp4 |z Dokumentum-elérés |
| 856 | 4 | 0 | |u https://eta.bibl.u-szeged.hu/5337/11/EFOP343_AP6MGK_A%20prec%C3%ADzi%C3%B3s%20n%C3%B6v%C3%A9nytermeszt%C3%A9s%20elm%C3%A9leti%20alapjai%20_03_Sis%C3%A1k%20Istv%C3%A1n_2021m%C3%A1rc.mp4 |z Dokumentum-elérés |
| 856 | 4 | 0 | |u https://eta.bibl.u-szeged.hu/5337/11/EFOP343_AP6MGK_A%20prec%C3%ADzi%C3%B3s%20n%C3%B6v%C3%A9nytermeszt%C3%A9s%20elm%C3%A9leti%20alapjai%20_04_Sis%C3%A1k%20Istv%C3%A1n_2021m%C3%A1rc.mp4 |z Dokumentum-elérés |
| 856 | 4 | 0 | |u https://eta.bibl.u-szeged.hu/5337/12/EFOP343_AP6MGK_A%20prec%C3%ADzi%C3%B3s%20n%C3%B6v%C3%A9nytermeszt%C3%A9s%20elm%C3%A9leti%20alapjai%20_05_Sis%C3%A1k%20Istv%C3%A1n_2021m%C3%A1rc.mp4 |z Dokumentum-elérés |
| 856 | 4 | 0 | |u https://eta.bibl.u-szeged.hu/5337/13/EFOP343_AP6MGK_A%20prec%C3%ADzi%C3%B3s%20n%C3%B6v%C3%A9nytermeszt%C3%A9s%20elm%C3%A9leti%20alapjai%20_06_Sis%C3%A1k%20Istv%C3%A1n_2021m%C3%A1rc.mp4 |z Dokumentum-elérés |
| 856 | 4 | 0 | |u https://eta.bibl.u-szeged.hu/5337/14/EFOP343_AP6MGK_A%20prec%C3%ADzi%C3%B3s%20n%C3%B6v%C3%A9nytermeszt%C3%A9s%20elm%C3%A9leti%20alapjai%20_07_Sis%C3%A1k%20Istv%C3%A1n_2021m%C3%A1rc.mp4 |z Dokumentum-elérés |
| 856 | 4 | 0 | |u https://eta.bibl.u-szeged.hu/5337/15/EFOP343_AP6MGK_A%20prec%C3%ADzi%C3%B3s%20n%C3%B6v%C3%A9nytermeszt%C3%A9s%20elm%C3%A9leti%20alapjai%20_10_Sis%C3%A1k%20Istv%C3%A1n_2021m%C3%A1rc.mp4 |z Dokumentum-elérés |
| 856 | 4 | 0 | |u https://eta.bibl.u-szeged.hu/5337/16/EFOP343_AP6MGK_A%20prec%C3%ADzi%C3%B3s%20n%C3%B6v%C3%A9nytermeszt%C3%A9s%20elm%C3%A9leti%20alapjai%20_08_Sis%C3%A1k%20Istv%C3%A1n_2021m%C3%A1rc.mp4 |z Dokumentum-elérés |
| 856 | 4 | 0 | |u https://eta.bibl.u-szeged.hu/5337/17/EFOP343_AP6MGK_A%20prec%C3%ADzi%C3%B3s%20n%C3%B6v%C3%A9nytermeszt%C3%A9s%20elm%C3%A9leti%20alapjai%20_09_Sis%C3%A1k%20Istv%C3%A1n_2021m%C3%A1rc.mp4 |z Dokumentum-elérés |
| 856 | 4 | 0 | |u https://eta.bibl.u-szeged.hu/5337/17/EFOP343_AP6MGK_A%20prec%C3%ADzi%C3%B3s%20n%C3%B6v%C3%A9nytermeszt%C3%A9s%20elm%C3%A9leti%20alapjai%20_11_Sis%C3%A1k%20Istv%C3%A1n_2021m%C3%A1rc.mp4 |z Dokumentum-elérés |
| 856 | 4 | 0 | |u https://eta.bibl.u-szeged.hu/5337/18/EFOP343_AP6MGK_A%20prec%C3%ADzi%C3%B3s%20n%C3%B6v%C3%A9nytermeszt%C3%A9s%20elm%C3%A9leti%20alapjai%20_12_Sis%C3%A1k%20Istv%C3%A1n_2021m%C3%A1rc.mp4 |z Dokumentum-elérés |
| 856 | 4 | 0 | |u https://eta.bibl.u-szeged.hu/5337/19/EFOP343_AP6MGK_A%20prec%C3%ADzi%C3%B3s%20n%C3%B6v%C3%A9nytermeszt%C3%A9s%20elm%C3%A9leti%20alapjai%20_13_Sis%C3%A1k%20Istv%C3%A1n_2021m%C3%A1rc.mp4 |z Dokumentum-elérés |
| 856 | 4 | 0 | |u https://eta.bibl.u-szeged.hu/5337/20/EFOP343_AP6MGK_A%20prec%C3%ADzi%C3%B3s%20n%C3%B6v%C3%A9nytermeszt%C3%A9s%20elm%C3%A9leti%20alapjai%20_14_Sis%C3%A1k%20Istv%C3%A1n_2021m%C3%A1rc.mp4 |z Dokumentum-elérés |
| 856 | 4 | 0 | |u https://eta.bibl.u-szeged.hu/5337/21/EFOP343_AP6MGK_A%20prec%C3%ADzi%C3%B3s%20n%C3%B6v%C3%A9nytermeszt%C3%A9s%20elm%C3%A9leti%20alapjai%20_16_Sis%C3%A1k%20Istv%C3%A1n_2021m%C3%A1rc.mp4 |z Dokumentum-elérés |
| 856 | 4 | 0 | |u https://eta.bibl.u-szeged.hu/5337/22/EFOP343_AP6MGK_A%20prec%C3%ADzi%C3%B3s%20n%C3%B6v%C3%A9nytermeszt%C3%A9s%20elm%C3%A9leti%20alapjai%20_15_Sis%C3%A1k%20Istv%C3%A1n_2021m%C3%A1rc.mp4 |z Dokumentum-elérés |
| 856 | 4 | 0 | |u https://eta.bibl.u-szeged.hu/5337/23/EFOP343_AP6MGK_A%20prec%C3%ADzi%C3%B3s%20n%C3%B6v%C3%A9nytermeszt%C3%A9s%20elm%C3%A9leti%20alapjai%20_17_Sis%C3%A1k%20Istv%C3%A1n_2021m%C3%A1rc.mp4 |z Dokumentum-elérés |
| 856 | 4 | 0 | |u https://eta.bibl.u-szeged.hu/5337/24/EFOP343_AP6MGK_A%20prec%C3%ADzi%C3%B3s%20n%C3%B6v%C3%A9nytermeszt%C3%A9s%20elm%C3%A9leti%20alapjai%20_18_Sis%C3%A1k%20Istv%C3%A1n_2021m%C3%A1rc.mp4 |z Dokumentum-elérés |
| 856 | 4 | 0 | |u https://eta.bibl.u-szeged.hu/5337/25/EFOP343_AP6MGK_A%20prec%C3%ADzi%C3%B3s%20n%C3%B6v%C3%A9nytermeszt%C3%A9s%20elm%C3%A9leti%20alapjai%20_19_Sis%C3%A1k%20Istv%C3%A1n_2021m%C3%A1rc.mp4 |z Dokumentum-elérés |
| 856 | 4 | 0 | |u https://eta.bibl.u-szeged.hu/5337/26/EFOP343_AP6MGK_A%20prec%C3%ADzi%C3%B3s%20n%C3%B6v%C3%A9nytermeszt%C3%A9s%20elm%C3%A9leti%20alapjai%20_20_Sis%C3%A1k%20Istv%C3%A1n_2021m%C3%A1rc.mp4 |z Dokumentum-elérés |
| 856 | 4 | 0 | |u https://eta.bibl.u-szeged.hu/5337/27/EFOP343_AP6MGK_A%20prec%C3%ADzi%C3%B3s%20n%C3%B6v%C3%A9nytermeszt%C3%A9s%20elm%C3%A9leti%20alapjai%20_21_Sis%C3%A1k%20Istv%C3%A1n_2021m%C3%A1rc.mp4 |z Dokumentum-elérés |
| 856 | 4 | 0 | |u https://eta.bibl.u-szeged.hu/5337/28/EFOP343_AP6MGK_A%20prec%C3%ADzi%C3%B3s%20n%C3%B6v%C3%A9nytermeszt%C3%A9s%20elm%C3%A9leti%20alapjai%20_22_Sis%C3%A1k%20Istv%C3%A1n_2021m%C3%A1rc.mp4 |z Dokumentum-elérés |
| 856 | 4 | 0 | |u https://eta.bibl.u-szeged.hu/5337/29/EFOP343_AP6MGK_A%20prec%C3%ADzi%C3%B3s%20n%C3%B6v%C3%A9nytermeszt%C3%A9s%20elm%C3%A9leti%20alapjai%20_23_Sis%C3%A1k%20Istv%C3%A1n_2021m%C3%A1rc.mp4 |z Dokumentum-elérés |
| 856 | 4 | 0 | |u https://eta.bibl.u-szeged.hu/5337/60/felirat.vtt |z Dokumentum-elérés |
| 856 | 4 | 0 | |u https://eta.bibl.u-szeged.hu/5337/61/felirat.html |z Dokumentum-elérés |
| 856 | 4 | 0 | |u https://eta.bibl.u-szeged.hu/5337/62/felirat.vtt |z Dokumentum-elérés |
| 856 | 4 | 0 | |u https://eta.bibl.u-szeged.hu/5337/63/felirat.html |z Dokumentum-elérés |
| 856 | 4 | 0 | |u https://eta.bibl.u-szeged.hu/5337/64/felirat.vtt |z Dokumentum-elérés |
| 856 | 4 | 0 | |u https://eta.bibl.u-szeged.hu/5337/65/felirat.html |z Dokumentum-elérés |
| 856 | 4 | 0 | |u https://eta.bibl.u-szeged.hu/5337/66/felirat.vtt |z Dokumentum-elérés |
| 856 | 4 | 0 | |u https://eta.bibl.u-szeged.hu/5337/67/felirat.html |z Dokumentum-elérés |
| 856 | 4 | 0 | |u https://eta.bibl.u-szeged.hu/5337/68/felirat.vtt |z Dokumentum-elérés |
| 856 | 4 | 0 | |u https://eta.bibl.u-szeged.hu/5337/69/felirat.html |z Dokumentum-elérés |
| 856 | 4 | 0 | |u https://eta.bibl.u-szeged.hu/5337/70/felirat.vtt |z Dokumentum-elérés |
| 856 | 4 | 0 | |u https://eta.bibl.u-szeged.hu/5337/71/felirat.html |z Dokumentum-elérés |
| 856 | 4 | 0 | |u https://eta.bibl.u-szeged.hu/5337/72/felirat.vtt |z Dokumentum-elérés |
| 856 | 4 | 0 | |u https://eta.bibl.u-szeged.hu/5337/73/felirat.html |z Dokumentum-elérés |
| 856 | 4 | 0 | |u https://eta.bibl.u-szeged.hu/5337/74/felirat.vtt |z Dokumentum-elérés |
| 856 | 4 | 0 | |u https://eta.bibl.u-szeged.hu/5337/75/felirat.html |z Dokumentum-elérés |
| 856 | 4 | 0 | |u https://eta.bibl.u-szeged.hu/5337/76/felirat.vtt |z Dokumentum-elérés |
| 856 | 4 | 0 | |u https://eta.bibl.u-szeged.hu/5337/77/felirat.html |z Dokumentum-elérés |
| 856 | 4 | 0 | |u https://eta.bibl.u-szeged.hu/5337/78/felirat.vtt |z Dokumentum-elérés |
| 856 | 4 | 0 | |u https://eta.bibl.u-szeged.hu/5337/79/felirat.html |z Dokumentum-elérés |
| 856 | 4 | 0 | |u https://eta.bibl.u-szeged.hu/5337/80/felirat.vtt |z Dokumentum-elérés |
| 856 | 4 | 0 | |u https://eta.bibl.u-szeged.hu/5337/81/felirat.html |z Dokumentum-elérés |
| 856 | 4 | 0 | |u https://eta.bibl.u-szeged.hu/5337/82/felirat.vtt |z Dokumentum-elérés |
| 856 | 4 | 0 | |u https://eta.bibl.u-szeged.hu/5337/83/felirat.html |z Dokumentum-elérés |
| 856 | 4 | 0 | |u https://eta.bibl.u-szeged.hu/5337/84/felirat.vtt |z Dokumentum-elérés |
| 856 | 4 | 0 | |u https://eta.bibl.u-szeged.hu/5337/85/felirat.html |z Dokumentum-elérés |
| 856 | 4 | 0 | |u https://eta.bibl.u-szeged.hu/5337/86/felirat.vtt |z Dokumentum-elérés |
| 856 | 4 | 0 | |u https://eta.bibl.u-szeged.hu/5337/87/felirat.html |z Dokumentum-elérés |
| 856 | 4 | 0 | |u https://eta.bibl.u-szeged.hu/5337/88/felirat.vtt |z Dokumentum-elérés |
| 856 | 4 | 0 | |u https://eta.bibl.u-szeged.hu/5337/89/felirat.html |z Dokumentum-elérés |
| 856 | 4 | 0 | |u https://eta.bibl.u-szeged.hu/5337/90/felirat.vtt |z Dokumentum-elérés |
| 856 | 4 | 0 | |u https://eta.bibl.u-szeged.hu/5337/91/felirat.html |z Dokumentum-elérés |
| 856 | 4 | 0 | |u https://eta.bibl.u-szeged.hu/5337/92/felirat.vtt |z Dokumentum-elérés |
| 856 | 4 | 0 | |u https://eta.bibl.u-szeged.hu/5337/93/felirat.html |z Dokumentum-elérés |
| 856 | 4 | 0 | |u https://eta.bibl.u-szeged.hu/5337/94/felirat.vtt |z Dokumentum-elérés |
| 856 | 4 | 0 | |u https://eta.bibl.u-szeged.hu/5337/95/felirat.html |z Dokumentum-elérés |
| 856 | 4 | 0 | |u https://eta.bibl.u-szeged.hu/5337/96/felirat.vtt |z Dokumentum-elérés |
| 856 | 4 | 0 | |u https://eta.bibl.u-szeged.hu/5337/97/felirat.html |z Dokumentum-elérés |
| 856 | 4 | 0 | |u https://eta.bibl.u-szeged.hu/5337/98/felirat.vtt |z Dokumentum-elérés |
| 856 | 4 | 0 | |u https://eta.bibl.u-szeged.hu/5337/99/felirat.html |z Dokumentum-elérés |
| 856 | 4 | 0 | |u https://eta.bibl.u-szeged.hu/5337/100/felirat.vtt |z Dokumentum-elérés |
| 856 | 4 | 0 | |u https://eta.bibl.u-szeged.hu/5337/101/felirat.html |z Dokumentum-elérés |
| 856 | 4 | 0 | |u https://eta.bibl.u-szeged.hu/5337/102/felirat.vtt |z Dokumentum-elérés |
| 856 | 4 | 0 | |u https://eta.bibl.u-szeged.hu/5337/103/felirat.html |z Dokumentum-elérés |
| 856 | 4 | 0 | |u https://eta.bibl.u-szeged.hu/5337/104/felirat.vtt |z Dokumentum-elérés |
| 856 | 4 | 0 | |u https://eta.bibl.u-szeged.hu/5337/105/felirat.html |z Dokumentum-elérés |